|
|
|
|
| LEADER |
00000nam a2200000 a 4500 |
| 001 |
UCO4577 |
| 003 |
CL-VaPUC |
| 008 |
000804e19590000US |||||||||||||||||eng|d |
| 082 |
0 |
4 |
|a 745.61
|b NES
|2 21
|
| 100 |
0 |
|
|a Nesbitt, Alexander
|e author
|9 449162
|
| 245 |
1 |
0 |
|a Decorative alphabets and initials
|
| 300 |
|
|
|a pag. irreg
|
| 942 |
|
|
|c BK
|
| 945 |
|
|
|d 20000804 00:00:00
|a crobeson
|
| 260 |
|
|
|a Nueva York
|b Dover
|c 1959
|
| 500 |
|
|
|a Contiene 123 láminas, 91 alfabetos completos, 3924 iniciales libres de derechos de autor para artistas y diseñadores
|
| 650 |
|
7 |
|a CALIGRAFIA
|2 CL-VaPUC
|9 449163
|
| 650 |
|
7 |
|a LETRAS ORNAMENTALES
|2 CL-VaPUC
|9 449164
|
| 650 |
|
7 |
|a MONOGRAMAS
|2 CL-VaPUC
|9 449165
|
| 650 |
|
0 |
|a Tipografía
|9 266998
|
| 583 |
|
|
|a last modification
|c 20000804 00:00:00
|k Rodrigo Vera
|
| 999 |
|
|
|c 290607
|d 290605
|
| 952 |
|
|
|0 0
|1 0
|4 0
|6 745_610000000000000_NES_1959
|7 0
|8 R
|9 340125
|a BIBART
|b BIBART
|d 2019-11-20
|i 1214373
|o 745.61 NES 1959
|p 1214373
|r 2025-03-13
|w 2019-11-20
|y BK_R
|k ART
|